| 000 | 00468nam a22001937a 4500 | ||
|---|---|---|---|
| 003 | MPLRDC | ||
| 005 | 20220104144542.0 | ||
| 008 | 210129b ||||| |||| 00| 0 eng d | ||
| 020 | _a957-480-891-2 | ||
| 082 | _a294.1 XYZ | ||
| 100 | _a徐玉枝主编 | ||
| 245 |
_a让风水智慧变化你的人生 _c |
||
| 250 | _a初版 | ||
| 260 |
_a _b新风潮 _c2002 |
||
| 300 | _b平 | ||
| 490 | _a易卜小栈. 2 | ||
| 650 | _a堪舆--相宅 | ||
| 942 |
_cBK _o294.1 XYZ |
||
| 999 |
_c50733 _d50723 |
||